000 00994nam a2200241 a 4500
001 74259
003 BD-RjUL
005 20211209082527.0
008 180418s2017 bg a|||| b||| 00| 0 ben d
020 _a9789849142547
_c: Tk. 300.00
035 _a(BD-RjUL)74477
040 _aBD-RjUL
_bben
_cBD-RjUL
_dBD-RjUL
041 _aben
082 _a891.4413
_bKAL 2017
_223
100 1 _aকবির, আহসানুল
_9221204
245 1 _aলালন কী কথা কয় /
_cআহসানুল কবির
260 _aঢাকা
_bঅর্পিতা প্রকাশনী,
_c২০১৭
300 _a১৬০ পৃ. :
_bচিত্র ;
_c২১ সেমি.
504 _aগ্রন্থপঞ্জী সংযুক্ত ।
600 _aলালন শাহ
_d১৭৭৪-১৮৯০
_xসমালোচনা ও ব্যাখ্যা।
_9221246
600 _aLālana Śāha,
_d1774-1890
_xCriticism and interpretation.
_9221247
942 _2ddc
_cBK
999 _c74259
_d74259